000 00566nam a22002177a 4500
001 80133
003 UA-OsUOA
005 20211024221458.0
007 ta
008 20111129b un ||||| |||| 00| 0 ukr d
040 _aUA-OsUOA
_brus
_cUA-OsUOA
_dUA-OsUOA
041 _arus
080 _a94(47+57)
090 _a94(47+57)
_bИ44
245 _aИллюстрированная история СССР
_cред. О. П. Бочкова
260 _aМ.
_bМысль
_c1977
300 _a462 с.
650 7 _a94 Історія
_2UDC
942 _cBK
_2udc
955 _a2
999 _c366457
_d366457